[Event "Wch U16"]
[Site "Kemer"]
[Date "2009.11.16"]
[Round "7"]
[White "Dalir, Alireza"]
[Black "Jitendria, Vel S"]
[Result "1/2-1/2"]
[WhiteElo "2133"]
[BlackElo "1977"]
[PlyCount "56"]
[EventDate "2009.11.12"]
[EventType "swiss"]
[EventRounds "11"]
[EventCountry "TUR"]
[SourceTitle "EXT 2010"]
[Source "ChessBase"]
[SourceDate "2010.11.25"]
[SourceVersion "1"]
[SourceVersionDate "2010.11.25"]
[SourceQuality "1"]

1. d4 Nf6 2. c4 e6 3. g3 d5 4. Bg2 Be7 5. Nf3 0-0 6. 0-0 dxc4 7. Qc2 a6 8. Qxc4 b5 9. Qc2 Bb7 10. Bd2 Bd6 11. a3 Be4 12. Qc1 Bb7 13. b4 Nbd7 14. Nc3 e5 15. dxe5 Nxe5 16. Nxe5 Bxg2 17. Nxf7 Rxf7 18. Kxg2 c5 19. bxc5 Bxc5 20. Be3 Rc8 21. Bxc5 Rxc5 22. Qe3 Rfc7 23. Rac1 a5 24. Kg1 Qc8 25. Na2 Rc4 26. Rxc4 bxc4 27. Nc3 h6 28. Rd1 Kh8 1/2-1/2

[Event "Wch U16"]
[Site "Kemer"]
[Date "2009.11.14"]
[Round "3"]
[White "Jitendria, Vel S"]
[Black "Surujhlal, Divek"]
[Result "1-0"]
[WhiteElo "1977"]
[BlackElo "1706"]
[PlyCount "61"]
[EventDate "2009.11.12"]
[EventType "swiss"]
[EventRounds "11"]
[EventCountry "TUR"]
[SourceTitle "EXT 2010"]
[Source "ChessBase"]
[SourceDate "2010.11.25"]
[SourceVersion "1"]
[SourceVersionDate "2010.11.25"]
[SourceQuality "1"]

1. e4 c5 2. Nf3 d6 3. Bb5+ Bd7 4. Bxd7+ Qxd7 5. 0-0 Nc6 6. c3 Nf6 7. Re1 g6 8. d4 cxd4 9. cxd4 Bg7 10. Nc3 Rd8 11. d5 Nb8 12. Be3 b6 13. Rc1 0-0 14. h3 Rc8 15. Qd3 Qb7 16. b4 Rxc3 17. Rxc3 Nxe4 18. Rc2 Nf6 19. Rd1 Na6 20. Qb5 Nxd5 21. Qxd5 Qxd5 22. Rxd5 Nxb4 23. Rdd2 Nxc2 24. Rxc2 Ra8 25. Rc7 Kf8 26. Nd4 Bxd4 27. Bxd4 Ke8 28. f4 Kd8 29. Rb7 d5 30. Kf2 f6 31. Kg3 1-0